000 00793nas a2200265 4500
001 BR8006907
003 BR-BrBNA
005 20231205084436.0
007 ta
008 230509b bl.|||p| |||| 00| 00por d
040 _aBR-BrBNA
_bpor
_cBiblioteca Nacional de Agricultura
041 _a(Pt)
072 _aP05
100 1 _aSobral Filho, M.
245 1 _aMadeira de Tucurui pode produzir 50 bilhoes de litros de metanol
650 _aRECURSO ENERGETICO
650 _aBIOMASSA
650 _aRECURSO FLORESTAL
650 _aMADEIRA
650 _aMETANOL
650 _aALCOOL
773 0 _tAtualidades do Conselho Nacional do Petroleo (Brazil)
_xISSN 0100-1471
_g(Mar-Apr-May 1980), v. 12(71) p. 69-72
_wBR8006907
909 _a202311
_bLúcia
_c55
_dLúcia Elande
942 _2AGRIS
_n0
_cANA
999 _c105263
_d105263